Greene King Plc v Quisine Restaurants Limited, Nazar Nafie Shasha, and Stephen Keith Dite (Record no. 84177)
[ view plain ]
| 000 -LEADER | |
|---|---|
| fixed length control field | 01256cab a22002175a 4500 |
| 001 - CONTROL NUMBER | |
| control field | L156849 |
| 008 - FIXED-LENGTH DATA ELEMENTS--GENERAL INFORMATION | |
| fixed length control field | 120719e2012 xxk 000 0 eng d |
| 035 ## - SYSTEM CONTROL NUMBER | |
| System control number | (Sirsi) u156849 |
| 041 0# - LANGUAGE CODE | |
| Language code of text/sound track or separate title | eng |
| 245 00 - TITLE STATEMENT | |
| Title | Greene King Plc v Quisine Restaurants Limited, Nazar Nafie Shasha, and Stephen Keith Dite |
| 260 ## - PUBLICATION, DISTRIBUTION, ETC. | |
| Date of publication, distribution, etc. | 2012 |
| 520 ## - SUMMARY, ETC. | |
| Summary, etc. | [2012] EWCA Civ 698, 24 May 2012. Considers whether a guarantor of a lease can escape liability because the landlord failed to give him early notice of rent arrears. A sublease on premises operated by appellants Q, and S (who controlled and owned Q), was assigned to defendant D and guaranteed by S. Claimant landlord G agreed to notify S if D's rent fell two months into arrears. D fell behind but G did not notify S. "Held":appeal dismissed. S was still liable for the unpaid rent. |
| 590 ## - LOCAL NOTE (RLIN) | |
| Local note | KA |
| 650 24 - SUBJECT ADDED ENTRY--TOPICAL TERM | |
| Topical term or geographic name entry element | GREENE KING PLC V QUISINE RESTAURANTS LTD AND ORS |
| 650 24 - SUBJECT ADDED ENTRY--TOPICAL TERM | |
| Topical term or geographic name entry element | MCGUINESS V NORWICH AND PETERBOROUGH BUILDING SOCIETY |
| 650 24 - SUBJECT ADDED ENTRY--TOPICAL TERM | |
| Topical term or geographic name entry element | INVESTORS COMPENSATION SCHEME LTD V WEST BROMWICH BUILDING SOCIETY |
| 651 #4 - SUBJECT ADDED ENTRY--GEOGRAPHIC NAME | |
| Geographic name | England and Wales |
| Chronological subdivision | 1543- |
| 690 ## - LOCAL SUBJECT ADDED ENTRY--TOPICAL TERM (OCLC, RLIN) | |
| Topical term or geographic name as entry element | Landlord and tenant |
| 9 (RLIN) | 6252 |
| 856 40 - ELECTRONIC LOCATION AND ACCESS | |
| Uniform Resource Identifier | <a href="https://www.bailii.org/ew/cases/EWCA/Civ/2012/698.html">https://www.bailii.org/ew/cases/EWCA/Civ/2012/698.html</a> |
| Public note | View the law report at www.bailii.org |
| 942 ## - ADDED ENTRY ELEMENTS (KOHA) | |
| Suppress in OPAC | 0 |
| Withdrawn status | Lost status | Source of classification or shelving scheme | Damaged status | Not for loan | Home library | Current library | Shelving location | Date acquired | Total Checkouts | Full call number | Barcode | Date last seen | Copy number | Price effective from | Koha item type |
|---|---|---|---|---|---|---|---|---|---|---|---|---|---|---|---|
| Dewey Decimal Classification | Virtual | Virtual | Online | 19/07/2012 | ONLINE PUBLICATION | 156849-2001 | 06/08/2019 | 1 | 06/08/2019 | Law report |